Statistics for Portuguese players with most caps

Click here to take the quiz!

General Stats

  • This quiz has been taken 11 times
  • The average score is 16 of 27

Answer Stats

HintAnswer% Correct
198Cristiano Ronaldo
100%
146Joao Moutinho
88%
133Pepe
88%
89Ricardo Carvalho
88%
80William Carvalho
88%
96Bruno Alves
75%
75Deco
75%
64Eusébio
75%
127Luis Figo
75%
112Nani
75%
76Raul Meireles
75%
94Rui Costa
75%
107Rui Patricio
75%
80Vitor Baia
75%
71Hélder Postiga
63%
80Bernardo Silva
50%
79Nuno Gomes
50%
80Ricardo Quaresma
50%
85Simao
50%
70Joao Pinto
38%
81Joao Vieira Pinto
38%
88Pauleta
38%
110Fernando Couto
25%
66Nené
25%
79Ricardo
25%
66Tiago
25%
66Danilo Pereira
13%

Score Distribution

Percentile by Number Answered

Percent of People with Each Score

Your Score History

You have not taken this quiz